|
|
|
|
| LEADER |
03140nam a22004093i 4500 |
| 001 |
EBC6898741 |
| 003 |
MiAaPQ |
| 005 |
20231204023221.0 |
| 006 |
m o d | |
| 007 |
cr cnu|||||||| |
| 008 |
231204s2016 xx o ||||0 eng d |
| 020 |
|
|
|a 9781781384312
|q (electronic bk.)
|
| 020 |
|
|
|z 9781781382684
|
| 035 |
|
|
|a (MiAaPQ)EBC6898741
|
| 035 |
|
|
|a (Au-PeEL)EBL6898741
|
| 035 |
|
|
|a (OCoLC)1052117612
|
| 040 |
|
|
|a MiAaPQ
|b eng
|e rda
|e pn
|c MiAaPQ
|d MiAaPQ
|
| 082 |
0 |
|
|a 331
|
| 100 |
1 |
|
|a Patmore, Greg.
|
| 245 |
1 |
0 |
|a Worker Voice :
|b Employee Representation in the Workplace in Australia, Canada, Germany, the UK and the US 1914-1939.
|
| 250 |
|
|
|a 1st ed.
|
| 264 |
|
1 |
|a Liverpool :
|b Liverpool University Press,
|c 2016.
|
| 264 |
|
4 |
|c Ã2016.
|
| 300 |
|
|
|a 1 online resource (264 pages)
|
| 336 |
|
|
|a text
|b txt
|2 rdacontent
|
| 337 |
|
|
|a computer
|b c
|2 rdamedia
|
| 338 |
|
|
|a online resource
|b cr
|2 rdacarrier
|
| 490 |
1 |
|
|a Studies in Labour History Series ;
|v v.5
|
| 505 |
0 |
|
|a Cover -- Contents -- Tables -- Illustrations -- Acknowledgements -- Abbreviations -- 1. Introduction -- 2. The Context -- Explanations of Historical Patterns of Employee Representation -- The Economy -- Industry Scale and Structure -- The Division of Labour and Technology -- Trade Unionism and Politics -- Employers and Managing Labour -- The Role of the State -- Conclusion -- 3. The Concepts -- Employee Representation Plans -- Whitley Works Committees -- The German Works Councils -- Union-Management Cooperation -- Conclusion -- 4. The US -- ERP - The Extent -- ERP - The Impact -- Cooperative Management - The Extent -- Cooperative Management - The Impact -- The Demise of ERPs and Union-Management cooperation during the 1930s -- Conclusion -- 5. The UK -- The Extent of Whitley Works Committees -- The Impact of Whitley Works Committees -- Looking beyond the UK -- Conclusion -- 6. Germany -- The Extent of German Works Councils -- The Impact of German Works Councils -- The Impact on Unions, Women and Employers -- The Demise of German Works Councils -- Conclusion -- 7. Canada -- ERPs - The Extent and Impact -- An ERP - The Experience at the Sydney Steelworks, Nova Scotia -- Union-Management Cooperation -- Conclusion -- 8. Australia -- Influences -- The Impact -- Electrolytic Zinc -- Conclusion -- 9. Conclusion -- Bibliography -- Index.
|
| 520 |
|
|
|a The book aims to understand work participation in the workplace or worker voice by examining the inter-war experience in Australia, Canada, Germany, the UK and the US.
|
| 588 |
|
|
|a Description based on publisher supplied metadata and other sources.
|
| 590 |
|
|
|a Electronic reproduction. Ann Arbor, Michigan : ProQuest Ebook Central, 2023. Available via World Wide Web. Access may be limited to ProQuest Ebook Central affiliated libraries.
|
| 655 |
|
4 |
|a Electronic books.
|
| 776 |
0 |
8 |
|i Print version:
|a Patmore, Greg
|t Worker Voice
|d Liverpool : Liverpool University Press,c2016
|z 9781781382684
|
| 797 |
2 |
|
|a ProQuest (Firm)
|
| 830 |
|
0 |
|a Studies in Labour History Series
|
| 856 |
4 |
0 |
|u https://ebookcentral.proquest.com/lib/matrademy/detail.action?docID=6898741
|z Click to View
|